Statystyki dla 10 państw Europy wysuniętych najbardziej na wschód

Kliknij tutaj aby rozwiązać quiz!

Ogólne statystyki

  • Ten quiz został rozwiązany 11 414 razy
  • Średni wynik to 9 z 10

Statystyki odpowiedzi

Długość geograficznaKraj% Poprawnych
69°02′ERosja
99%
40°15'EUkraina
97%
32°46'EBiałoruś
93%
31°35'EFinlandia
89%
29°40'ERumunia
89%
30°10'EMołdawia
87%
28°36'EBułgaria
85%
29°38'EGrecja
84%
28°15'EŁotwa
82%
33°30'ENorwegia
58%

Rozkład punktacji

Percentyl według liczby udzielonych odpowiedzi

Procent ludzi z każdym wynikiem

Twoja historia wyników

Nie rozwiązałeś tego quizu